00581nam a22002057a 450000500170000001000130001702000110003003500130004103700160005404000120007008200130008210000190009524500900011426000420020427000600024630000210030665000220032765000230034970000030037220170124110231.0 aA-936402 c300.00 aA-936402 bCen Lib/Ret aDPLbEN a921bJAI aJai, Janak Raj aRise and fall of Deve gowda :cby Janak Raj Jaiband the constitutional breakdown / aNew DelhibRegency Publicationsc1997 a20/36-G, Old Market West Patel NagarbNew Delhie110008 a157p. c21cm(Hb) aPolitical Science aPresidents zIndia